Aspects of economic and social modelling /
Saved in:
| Main Author: | |
|---|---|
| Format: | Book |
| Language: | English |
| Published: |
Geneve :
Droz,
1981.
|
| Edition: | 1ere ed. |
| Series: | Conferences Luigi Solari ;
1 Travaux de droit, d'economie, de sociologie et de sciences politiques ; no. 126 |
| Subjects: |
| LEADER | 01005nam a2200265 a 4500 | ||
|---|---|---|---|
| 001 | c000149668 | ||
| 003 | CARM | ||
| 005 | 00000000000000.0 | ||
| 008 | s1981 sz a b 00010 eng | ||
| 019 | 1 | |a 2049732 |5 LACONCORD2021 | |
| 035 | |a (OCoLC)8785480 |5 LACONCORD2021 | ||
| 050 | 0 | 0 | |a HB141 |b .S86 1981 |
| 082 | 0 | 0 | |a 330/.0724 |2 19 |
| 100 | 1 | |a Stone, Richard, |d 1913- | |
| 245 | 1 | 0 | |a Aspects of economic and social modelling / |c Richard Stone. |
| 250 | |a 1ere ed. | ||
| 260 | |a Geneve : |b Droz, |c 1981. | ||
| 300 | |a 159 p. : |b ill. ; |c 24 cm. | ||
| 440 | 0 | |a Conferences Luigi Solari ; |v 1 | |
| 440 | 0 | |a Travaux de droit, d'economie, de sociologie et de sciences politiques ; |v no. 126 | |
| 504 | |a Bibliography: p. 151-154. | ||
| 650 | 0 | |a Economics |x Mathematical models. | |
| 852 | 8 | |b CARM |h A2:AI06F0 |i C04491 |p 0187343 |f BK | |
| 999 | f | f | |i a3e42e1f-e7df-5e1b-abfd-75834620ad90 |s 041359f4-5cac-5c16-ae8b-21038b8b2df5 |
| 952 | f | f | |p Can circulate |a CAVAL |b CAVAL |c CAVAL |d CARM 1 Store |e C04491 |f A2:AI06F0 |h Other scheme |i book |m 0187343 |